The Heir to the British Throne Quiz Stats

Quiz Updated May 9, 2015

Challenge
Share
Tweet
Embed
Score 0/74 Timer 05:00
5 Plays Today
Word % Correct
Prince
90.8%
Prince
90.8%
Prince
90.8%
of
86%
of
86%
of
86%
of
86%
of
86%
of
86%
of
86%
of
86%
of
86%
of
86%
of
86%
of
86%
of
86%
of
86%
of
86%
of
86%
Wales,
80.4%
Duke
79.3%
Duke
79.3%
Charles
75.7%
the
75.3%
the
75.3%
the
75.3%
the
75.3%
the
75.3%
the
75.3%
the
75.3%
and
75.3%
and
75.3%
Royal
72%
His
70.7%
Highness
68.8%
Earl
47.7%
Earl
47.7%
Word % Correct
Lord
46.5%
Scotland
42.3%
Cornwall,
38.5%
George,
37.5%
Philip
34.2%
Arthur
29%
Great
27.3%
Baron
25.5%
Knight
23.4%
Knight
23.4%
Knight
23.4%
Knight
23.4%
Order
18.4%
Order
18.4%
Order
18.4%
Order,
18.4%
de-
18.2%
Garter,
17.7%
Isles
16.9%
Rothesay,
13.3%
Australia,
12.6%
Bath,
10.4%
Grand
10.3%
Thistle,
9.7%
Chester,
8.6%
Steward
8.5%
Cross
8.2%
Carrick,
7.4%
Queen's
7.2%
Renfrew,
7%
Merit,
6.8%
Privy
6.4%
Companion
5.8%
Aide-
5.6%
Camp,
5.6%
Service
5.1%
Counsellor,
3.9%

You're not logged in!

Compare scores with friends on all Sporcle quizzes.
Join for Free
OR
Log In

You Might Also Like...

Show Comments

Extras

Top Quizzes Today


Score Distribution

Your Account Isn't Verified!

In order to create a playlist on Sporcle, you need to verify the email address you used during registration. Go to your Sporcle Settings to finish the process.

Report this User

Report this user for behavior that violates our Community Guidelines.

Details: